00683 2200193 4500245004000000020002200040250001100062100002300073700001800096650001300114650002300127005001900150260004000169041001400209084000800223300002600231500022300257336000900480 aPositif !cBima Arya SugiartohText a978-623-241-489-1 aCet. 1 aBima Arya Sugiarto aFenty Effendy aCovid-19 aKumpulan Peristiwa a20241011135249 aJakartabPenerbit Buku Kompasc2020 aIndonesia a904 avi, 142 hlm. :cilus. aBuku ini berisi tentang pengalaman dan renungan. Ini bukan saja bagian dari keinginan untuk mengedukasi publik tentang Covid-19, tetapi lebih dari itu. Ini adalah bagian dari tafsir Bima atas ujian yang telah dihadapi. atext